000
00290 a2200145 4500
001
181313
020
_a
040
_c
Magnum
100
_a
Esopo
240
1
0
_a
O ladrao e a bruxa
_l
por
245
1
0
_a
O ladrao e a bruxa
362
0
_a
1899
697
_a
MAGNITO: IJ/FABULAS
942
_c
BK
999
_c
181313
_d
181313